000 004880000a22001930004500
003 LK-CoMWRAF
005 20231127231631.0
008 230817t1983 ||||| |||| 00| 0 eng d
040 _aLK-CoMWRAF
_dLK-CoMWRAF
_eLK-CoMWRAF
041 _aeng
082 _a340.1
_bQUR
100 _aQureshi, M.H.
245 _aLectures on jurisprudence
250 _a2nd ed.
260 _aKarachi:
_bNafees publications,
_c1983
300 _aiv, 198 p. 22 cm.
650 _aJURISPRUDENCE
942 _cBK
999 _c1972
_d1972